000 003160000a22001450004500
041 0 _aSPA
082 0 4 _aG 867 S1922d
100 1 _aSamper Pizano, Daniel
245 1 0 _aDejémonos de vainas / Daniel Samper
250 _a2
260 _aBogotá, Colombia : Pluma
300 _a496 Pag
001 11187
942 _cBK
999 _c40553
_d40553